Library Logo

Pioneer International University Library Catalogue

SOVIET MARXISM AND NATURAL SCIENCE 1917-1932 (Record no. 345)

MARC details
000 -LEADER
fixed length control field 00346nam a22001097a 4500
005 - DATE AND TIME OF LATEST TRANSACTION
control field 20250901165215.0
008 - FIXED-LENGTH DATA ELEMENTS--GENERAL INFORMATION
fixed length control field 210222b ||||| |||| 00| 0 eng d
050 ## - LIBRARY OF CONGRESS CALL NUMBER
Classification number Q 173 J64 1961
245 ## - TITLE STATEMENT
Title SOVIET MARXISM AND NATURAL SCIENCE 1917-1932
Statement of responsibility, etc. JORAVSKY, DAVID
260 ## - PUBLICATION, DISTRIBUTION, ETC.
Place of publication, distribution, etc. NEW YORK
Name of publisher, distributor, etc. COLUMBA UNVERSITY
Date of publication, distribution, etc. 1961
942 ## - ADDED ENTRY ELEMENTS (KOHA)
Source of classification or shelving scheme Library of Congress Classification
Classification part Q 173 J64 1961
Holdings
Withdrawn status Lost status Source of classification or shelving scheme Damaged status Not for loan Home library Current library Shelving location Date acquired Total checkouts Full call number Barcode Date last seen Date last checked out Price effective from Koha item type
    Library of Congress Classification     Main Library PIU Library   02/22/2021 1 Q 173 J64 PIU0190080 09/22/2025 10/22/2021 02/22/2021 Books